Стенограмма Заседания Союзного Совета. /Утро/. /Авторско-редакцион./

Доступно только в Электронных читальных залах Найти на картеНа карте
RUSMARC
00004746nac2a22003133x 450
001fc4cb082-1149-418c-a8f1-3fb7e982199e
00520210719111603.0
100##$a20210612l1936 k y0rusy50 ca
1010#$arus
102##$aRU
105##$ay z |||||
1220#$ad19360113
2001#$aСтенограмма Заседания Союзного Совета. /Утро/. /Авторско-редакцион./
$j13.01.1936
215##$a151 лист
251##$cДело
300##$aЗаголовок дела на папке: 2-я сессия ЦИК СССР 7-го созыва. Стенограмма Заседания Союзного Совета. Утреннее, 13 января 1936 г.
300##$aАвторско-редакционный экземпляр
300##$aМашинописный и рукописный текст
330##$aВходит в раздел описи: VII-й Съезд Советов. 2-я Сессия ЦИК СССР
461#0$1001796d4672-8a00-4986-b488-6e42273792cc
$12001
$aЦЕНТРАЛЬНЫЙ ИСПОЛНИТЕЛЬНЫЙ КОМИТЕТ СССР (ЦИК СССР)
$1251
$cФонд
$1852
$j3316
$gР
462#0$10012246e4af-064a-4b66-b386-cae0ddb7fb2d
$12001
$aДела 7-го Съезда Советов и 1-й, 2-й, 3-й, 4-й Сессий 7-го созыва. 1935-1937 гг.
$vД. 147
$1251
$cОпись
$1852
$j7
5171#$a2-я сессия ЦИК СССР 7-го созыва. Стенограмма Заседания Союзного Совета. Утреннее, 13 января 1936 г.
60101$3RU\NLR\AUTH\880357276
$aСССР
$bЦИК
60102$3RU\NLR\AUTH\880399376
$aСССР
$bЦИК
$bСозыв
$c7
$bСессия
$d2
60102$aСССР. ЦИК. Созыв (7). Сессия (2). Заседание Союзного Совета
60101$3RU\NLR\AUTH\880399260
$aСССР
$bЦентральный исполнительный комитет
$bСоюзный Совет
801#0$aRU
$bGA_RF
801#1$aRU
$bГлавНИВЦ
$c20210612
$2rusmarc
801#2$aRU
$bПБ им. Б.Н. Ельцина
$c20210719
$gRCR
$2rusmarc
852##$aГА РФ
$j147
937##$d166398595
$hГАРФ
035##$aRuPRLIB51060603
856##$uhttp://readingroom.main.prlib.ru/item.aspx?id_node=n166398595&mode=full
Формат отображения